अधांतर (Record no. 335541)

MARC details
000 -LEADER
fixed length control field 00470nam a2200169Ia 4500
008 - FIXED-LENGTH DATA ELEMENTS--GENERAL INFORMATION
fixed length control field 090711s9999 xx 000 0 und d
082 ## - DEWEY DECIMAL CLASSIFICATION NUMBER
Item number 561
100 ## - MAIN ENTRY--PERSONAL NAME
Personal name पवार जयंत
245 ## - TITLE STATEMENT
Title अधांतर
260 ## - PUBLICATION, DISTRIBUTION, ETC. (IMPRINT)
Name of publisher, distributor, etc पॉप्युलर प्रकाशन
Date of publication, distribution, etc 1999
300 ## - PHYSICAL DESCRIPTION
Extent 65
600 ## - SUBJECT ADDED ENTRY--PERSONAL NAME
Personal name पवार जयंत
630 ## - SUBJECT ADDED ENTRY--UNIFORM TITLE
Uniform title अधांतर
700 ## - ADDED ENTRY--PERSONAL NAME
Personal name पवार जयंत
730 ## - ADDED ENTRY--UNIFORM TITLE
Uniform title अधांतर
942 ## - ADDED ENTRY ELEMENTS (KOHA)
Koha item type Book

No items available.